Statistics for African Countries Without N

Click here to take the quiz!

General Stats

  • This quiz has been taken 142 times
  • The average score is 21 of 25

Answer Stats

Country% Correct
Egypt
98%
Algeria
97%
Chad
92%
Mali
90%
Libya
88%
Morocco
87%
Djibouti
86%
Somalia
86%
South Africa
86%
Comoros
85%
Eritrea
85%
Liberia
85%
Ethiopia
84%
Zambia
84%
Togo
83%
Malawi
82%
Zimbabwe
81%
Seychelles
80%
Cape Verde
79%
Lesotho
79%
Mauritius
78%
Madagascar
75%
Gambia
74%
Cote d'Ivoire
70%
Mozambique
69%

Score Distribution

Percentile by Number Answered

Percent of People with Each Score

Your Score History

You have not taken this quiz